Derecho y desarrollo : guía fundamental para entender por qué el desarrollo social y económico depende de instituciones de calidad /

Guardado en:
Autor Principal: Trebilcock, Michael J.
Otros Autores: Mota Prado, Mariana., Odriozola, Elena., (trad.)
Formato: Libro
Idioma:Spanish
Publicado: Ciudad Autónoma de Buenos Aires : Siglo veintiuno, 2017.
Edición:1a. ed.
Series:Derecho y política
Materias:
Etiquetas: Agregar Etiqueta
Sin Etiquetas, Sea el primero en etiquetar este registro!
LEADER 00761nam a22001935a 4500
001 DER.der014736
008 220623s2017####ag############000#0#spa#d
005 20241106141518.0
245 1 0 |a Derecho y desarrollo :  |b guía fundamental para entender por qué el desarrollo social y económico depende de instituciones de calidad /  |c Michael J. Trebilcock, Mariana Mota Prado ; traducción de Elena Odriozola. 
250 |a 1a. ed. 
260 |a Ciudad Autónoma de Buenos Aires :  |b Siglo veintiuno,  |c 2017. 
300 |a 285 p. 
490 1 |a Derecho y política 
020 |a 9789876297578 
100 1 |a Trebilcock, Michael J. 
700 1 |a Mota Prado, Mariana. 
700 1 |a Odriozola, Elena.,  |e trad. 
650 7 |a CIENCIA POLITICA 
859 |a DERECHO  |b BIB. DERECHO  |h 351  |i TRE  |p 0010080